=LDR 00000nam 2200000 4500 =001 INLIS000000000016812 =005 20130612112042 =008 ***********************************Ind** =035 ##$$0010-061300000016812 =041 ##$$a Ind =082 ##$$a F Rom K =090 ##$$a F Rom K, Mad p =100 ##$$a Madsen, Peter =245 ##$$a Perjalanan ke dunia para raksasa, Peter Madsen =260 ##$$a 1993 $b Jakarta =300 ##$$a 47 hlm, ilus, 28 cm =650 ##$$a Fiksi anak-anak =850 ##$$a NBPNMAT